| 000 | 00397nam a2200109Ia 4500 | ||
|---|---|---|---|
| 008 | 160909s9999 xx 000 0 und d | ||
| 100 | _aHale, Richard T. | ||
| 245 | _aTowards a better understanding of employee engagement: Factors that explain employee engagement | ||
| 260 |
_bCapella University. _c2016 |
||
| 650 | _aPSYCHOLOGY | ||
| 856 | _uhttp://pqdtopen.proquest.com/doc/1809787816.html?FMT=ABS | ||
| 999 |
_c304102 _d304102 |
||